| 000 | 00906cam a2200313 a 4500 | ||
|---|---|---|---|
| 001 | 15104475 | ||
| 003 | OSt | ||
| 005 | 20160511135818.0 | ||
| 008 | 071206s2008 nyu 000 1 eng | ||
| 010 | _a 2007942805 | ||
| 020 | _a9780758211835 | ||
| 020 | _a075821183X | ||
| 040 | _aSEKU | ||
| 043 | _an-us-la | ||
| 050 | 0 | 0 |
_aPS 3560 _b.J3 |
| 082 | 0 | 0 |
_a813/.54 _222 |
| 100 | 1 | _aJackson, Lisa. | |
| 245 | 1 | 0 |
_aLost souls / _cLisa Jackson. |
| 260 |
_aNew York : _bKensington Books, _c2008. |
||
| 300 |
_a403 p. ; _c24 cm. |
||
| 650 | 0 |
_aMontoya, Reuben (Fictitious character) _vFiction. |
|
| 650 | 0 |
_aWomen college students _xCrimes against _vFiction. |
|
| 650 | 0 |
_aSerial murders _vFiction. |
|
| 650 | 0 |
_aCults _vFiction. |
|
| 650 | 0 |
_aBentz, Rick (Fictitious character) _vFiction. |
|
| 651 | 0 |
_aBaton Rouge (La.) _vFiction. |
|
| 655 | 7 |
_aRomantic suspense fiction. _2gsafd |
|
| 942 |
_2lcc _cGEN |
||
| 999 |
_c13772 _d13772 |
||